| 000 | nam a22 7a 4500 | ||
|---|---|---|---|
| 999 |
_c1534 _d1534 |
||
| 005 | 20170509165904.0 | ||
| 008 | 170509b1980 - ||||| |||| 00| 0 eng d | ||
| 020 | _a0020777108 | ||
| 040 | _aAKMAL | ||
| 082 | _a306.89 RIC | ||
| 090 |
_a306.89 _bRIC |
||
| 100 | 1 |
_aRicci, Isolina. _93071 |
|
| 245 | 1 | 0 |
_a Mom's house, dad's house : _bmaking shared custody work / _cIsolina Ricci. |
| 250 | _a1st Collier Books ed. | ||
| 260 |
_aNew York : _aLondon : _bCollier Books ; _b Collier Macmillan Publishers, _c1982, c1980 |
||
| 300 |
_axv, 270 p. ; _c 21cm |
||
| 500 | _aIncludes index. | ||
| 504 | _aBibliography: p. 264-266 | ||
| 650 | 0 |
_aJoint custody of children _zUnited States _93072 |
|
| 942 |
_2ddc _cBOOK |
||